Unvollendete Geschichte /

Bibliographic Details
Main Author: Braun, Volker, 1939-
Format: Book
Language:German
Published: Frankfurt am Main : Suhrkamp, 1977.
Edition:1.-20. Tsd.

MARC

Tag First Indicator Second Indicator Subfields
LEADER 00000cam a2200000 i 4500
001 in00000050648
005 20151007073813.0
008 781115s1977 gw 00011 ger
010 |a  78377852  
015 |a GFR78-A3 
020 |a 3518022660 :  |c DM14.00 
035 |a (OCoLC)03713304 
035 |9 AAF0415AM 
040 |a DLC  |c DLC  |d TXA  |d UtOrBLW 
049 |a TXAM  |c [1191961] 
050 0 0 |a PT2662.R34  |b U55 
082 0 |a 833/.9/14 
100 1 |a Braun, Volker,  |d 1939- 
245 1 0 |a Unvollendete Geschichte /  |c Volker Braun. 
250 |a 1.-20. Tsd. 
264 1 |a Frankfurt am Main :  |b Suhrkamp,  |c 1977. 
300 |a 97 pages ;  |c 20 cm. 
336 |a text  |b txt  |2 rdacontent 
337 |a unmediated  |b n  |2 rdamedia 
338 |a volume  |b nc  |2 rdacarrier 
999 |a MARS 
999 f f |s 8679305b-ecb5-3496-bd63-6620ebe87c3a  |i dd7ec572-349f-31aa-850e-4b9f278c0ff0  |t 0 
952 f f |p ric  |a Texas A&M University  |b Rellis Campus  |c Joint Library Facility  |d Remote Storage  |t 0  |e PT2662.R34 U55  |h Library of Congress classification  |i unmediated -- volume  |m A14804177694 
998 f f |a PT2662.R34 U55  |t 0  |l Remote Storage